| 000 | 00815nam a2200241 i 4500 | ||
|---|---|---|---|
| 001 | bgj | ||
| 100 | 1 | _aWOOD, Tim | |
| 245 | 1 | 0 |
_aThe Romans / _cTim Wood ; illustrated by Peter Dennis. |
| 260 |
_aLeicestershire, UK : _bLadybird, _c1994. |
||
| 300 |
_a56 pp : _bill. ; _c21 cm. |
||
| 490 | 1 | _aA History of Britain / School of History. University of Bristol, series consultant | |
| 505 | _aIncludes glossary and index. | ||
| 650 | 9 |
_aRomans _zEngland _y55 BC - 410 |
|
| 651 | 9 |
_aGreat Britain _xHistory _yTo 410 |
|
| 700 | 1 |
_aDENNIS, Peter. _eill. |
|
| 830 | 0 | _aA History of Britain (School of History. University of Bristol, series consultant) | |
| 020 | _a0721433669 (pbk) | ||
| 040 | _cBPK | ||
| 041 | 0 | _aeng | |
| 920 | _a0-7214-3366-9 (pbk) | ||
| 942 | _cKS | ||
| 008 | s uk f |000 0 eng | ||
| 999 |
_c48005 _d48005 |
||
| 856 |
_uhttp://koha.tu.koszalin.pl/cgi-bin/koha/opac-detail.pl?biblionumber=48005 _yKatalog online BPK |
||